Sweet Rania

Bibliographic Details
Main Author: Azizah Ami
Format: Book
Published: Selangor : Cute Publication , 2016
Subjects:

MARC

LEADER 00000cam a2200000 7i4500
001 0000077797
005 20180115.0
008 180115
020 |a 9789671428368 
041 0 |a Malay 
090 0 0 |a AZI   |b MAL 
100 0 |a Azizah Ami 
245 1 0 |a Sweet Rania   |c Azizah Ami 
260 |a Selangor :   |b Cute Publication ,   |c 2016 
300 |a 368p. :   |b 18.5cm 
541 0 0 |c Purchased on 2017 
650 0 |a Malay fiction 
999 |a 0001498171   |b Book   |c Adult Collection   |e Cawangan Bukit Gambir 
999 |a 0001498173   |b Book   |c Adult Collection   |e Cawangan Mersing 
999 |a 0001498174   |b Book   |c Adult Collection   |e Cawangan Pontian 
999 |a 0001498175   |b Book   |c Adult Collection   |e Cawangan Bandar Tenggara 
999 |a 0001498176   |b Book   |c Adult Collection   |e Cawangan Taman Universiti 
999 |a 0001498177   |b Book   |c Adult Collection   |e Cawangan Bandar Penawar 
999 |a 0001498178   |b Book   |c Adult Collection   |e Cawangan Batu Pahat 
999 |a 0001498180   |b Book   |c Adult Collection   |e Cawangan Segamat 
999 |a 0001498181   |b Book   |c Adult Collection   |e Cawangan Kota Tinggi 
999 |a 0001498182   |b Book   |c Adult Collection   |e Cawangan Sri Merlong 
999 |a 0001498183   |b Book   |c Adult Collection   |e Cawangan Taman Sri Lambak 
999 |a 0001498184   |b Book   |c Adult Collection   |e Cawangan Tmn. Ungku Tun Aminah 
999 |a 0001498850   |b Book   |c Adult Collection   |e Perbadanan Perpustakaan Awam Johor 
999 |a 0001498851   |b Book   |c Adult Collection   |e Cawangan Urban Transformation Centre